| 000 | 00955nam a22003137a 4500 | ||
|---|---|---|---|
| 001 | 7763 | ||
| 003 | FISKH | ||
| 005 | 20250805100215.0 | ||
| 008 | 250805b cb ||||| |||| 00| 0 eng d | ||
| 020 | _a9781615905058 | ||
| 040 |
_aFISKH _beng _cFISKH _dFISKH |
||
| 050 | _aSF197 .M47 | ||
| 082 | _a636.2 | ||
| 100 | _aMeredith , Susan | ||
| 245 |
_aCows on the farms / _cSusan Meredith |
||
| 260 |
_aVero Beach : _bRoourke Publishing , _c2011. |
||
| 300 |
_a24 pages : _bcolor illustrations ; _c21 X 21 cm . |
||
| 490 | _aFarm Animals | ||
| 505 | _aP | ||
| 520 | _aDiscover how farmers care for cows and what benefits we get from these large farm animals. | ||
| 521 | 8 |
_a640
_bLexile |
|
| 521 | 8 |
_aP
_bRaz-Plus |
|
| 650 |
_aCows _vJuvenile Literature |
||
| 650 |
_aFarm life _vJuvenile Literature |
||
| 650 |
_aRanches _vJuvenile Literature |
||
| 700 |
_aMcKenzie, Precious _eEdior |
||
| 942 |
_2ddc _cBK _n0 |
||
| 999 |
_c7763 _d7763 |
||